000 00390nam a2200157Ia 4500
001 37313
005 20240114001928.0
007 ta
008 070607s g b000 u u
082 _a821.9109
_bD998 M
100 _aShorelock, Dyson .
245 0 _aMasterful Image /
_cDyson Shorelock.
_hTextual Documents
653 _aEnglish Literature
942 _2ddc
_cBK
999 _c37295
_d37295